000 00570cam a22001933a 4500
001 40153
003 PGUSA
005 20140828083908.0
008 120707s2012||||xxu|||||s|||||000 | eng d
040 _aPGUSA
_beng
042 _adc
245 1 4 _aThe First True Gentleman :
_bA Study of the Human Nature of Our Lord
_h[electronic resource] /
_cAnonymous
260 _bProject Gutenberg,
_c2012
506 _aPublic domain in the USA.
516 _aElectronic text
830 0 _aProject Gutenberg
_v40153
856 4 0 _uhttp://www.gutenberg.org/ebooks/40153
942 _cEB
999 _c269406
_d269406